Star Wars Characters Planet Of Origin - Statistics

General Stats
  • This quiz has been taken 23 times
    15 since last reset
  • The average score is 11 of 20
Answer Stats
Hint Answer % Correct
Padme Amidala Naboo
100%
Anakin Skywalker Tatooine
100%
R2-D2 Naboo
90%
C-3PO Tatooine
90%
Chewbacca Kashyyyk
80%
Emperor Palpatine Naboo
80%
Han Solo Corellia
70%
Rey Skywalker Jakku
70%
Boba Fett Kamino
70%
Darth Maul Dathomir
60%
Luke Skywalker Polis Massa
60%
Princess Leia Polis Massa
60%
Count Dooku Serenno
40%
Obi-Wan Kenobi Stewjon
40%
BB-8 Jakku
30%
Mace Windu Haruun Kal
10%
Lando Calrissian Socorro
10%
Finn Artorias
0%
Kylo Ren Chandrila
0%
Poe Dameron Yavin 4
0%
No matching quizzes found
Score Distribution
Percent of People with Each Score
Percentile by Number Answered
Your Score History
You have not taken this quiz since the last reset